000 00478nam a22001697a 4500
005 20251108171823.0
008 250721s1984 xx 000 0 ara d
082 1 4 _a411.6/خلي
100 1 _aالزهاوي، خليل
245 1 0 _aكراسة الخط العربي :
_bمصور خط التعليق /
264 1 _aبغداد :
_c1984.
300 _a157ص
650 1 7 _aاللغة العربية
650 1 7 _aالخط العربي
942 _2ddc
_cBK
999 _c63431
_d63431